[Event "Quebec-ch U10"]
[Site "Montreal"]
[Date "2016.01.17"]
[Round "4"]
[White "Lim, Nicolas"]
[Black "Liu, Kevin1"]
[Result "0-1"]
[WhiteElo "850"]
[BlackElo "1315"]
[PlyCount "72"]
[EventDate "2016.01.15"]
[EventType "swiss"]
[EventRounds "5"]
[EventCountry "CAN"]
[SourceTitle "EXT 2017"]
[Source "ChessBase"]
[SourceDate "2016.10.25"]
[SourceVersion "1"]
[SourceVersionDate "2016.10.25"]
[SourceQuality "1"]

1. d4 d5 2. c4 e6 3. Nc3 Nf6 4. Nf3 Nbd7 5. Bd2 Be7 6. e3 0-0 7. Bd3 b6 8. 0-0 c5 9. Qb3 Bb7 10. Qc2 Rc8 11. Rac1 dxc4 12. Bxc4 Bxf3 13. gxf3 cxd4 14. exd4 e5 15. d5 Bd6 16. Qd3 Nh5 17. Ne4 Bb8 18. d6 Nhf6 19. Nxf6+ Nxf6 20. Bb4 Nd7 21. Bb5 Qg5+ 22. Kh1 Rxc1 23. Bxd7 Rxf1+ 24. Qxf1 Rd8 25. Bg4 Bxd6 26. Bxd6 Rxd6 27. Qg2 Rd1+ 28. Qg1 Rxg1+ 29. Kxg1 Kf8 30. Kf1 Ke7 31. Bc8 Kd6 32. Ba6 Kc5 33. Bd3 Kd4 34. Bxh7 g6 35. Bg8 Qf6 36. Kg2 Qg7 0-1

[Event "FRA-ch op-D"]
[Site "Nancy"]
[Date "2013.08.23"]
[Round "11"]
[White "Mautin, Arthur"]
[Black "Lim, Nicolas"]
[Result "1-0"]
[WhiteElo "1468"]
[BlackElo "1380"]
[PlyCount "83"]
[EventDate "2013.08.11"]
[EventType "swiss"]
[EventRounds "11"]
[EventCountry "FRA"]
[SourceTitle "CBM 156 Extra"]
[Source "ChessBase"]
[SourceDate "2013.10.22"]
[SourceVersion "1"]
[SourceVersionDate "2013.10.22"]
[SourceQuality "1"]

1. d4 d5 2. c4 e6 3. Nc3 Nf6 4. Bg5 Nbd7 5. e3 c6 6. Nf3 Be7 7. Bd3 0-0 8. 0-0 b6 9. cxd5 exd5 10. Rc1 Bb7 11. Qc2 Rc8 12. Ne5 g6 13. f4 Ng4 14. Bxe7 Qxe7 15. Nxg4 f5 16. Ne5 c5 17. Qe2 c4 18. Bc2 Nf6 19. Rf3 Qe6 20. Rcf1 Ne4 21. Ba4 Rc7 22. Rc1 a6 23. h4 b5 24. Bc2 h5 25. Nxe4 dxe4 26. Rg3 Rg7 27. b3 Bd5 28. Qd1 Rc8 29. bxc4 Bxc4 30. Bb3 Bxb3 31. Rxc8+ Qxc8 32. Qxb3+ Kh7 33. Kh2 Qe8 34. Qb4 Qe6 35. Qa3 Qe8 36. d5 Qd8 37. Rg5 Qxd5 38. Nxg6 Rxg6 39. Qe7+ Kh6 40. Qf8+ Kh7 41. Rxh5+ Rh6 42. Rxh6# 1-0

[Event "FRA-ch op-D"]
[Site "Nancy"]
[Date "2013.08.16"]
[Round "5"]
[White "Blondel, Francis"]
[Black "Lim, Nicolas"]
[Result "1-0"]
[WhiteElo "1489"]
[BlackElo "1380"]
[PlyCount "45"]
[EventDate "2013.08.11"]
[EventType "swiss"]
[EventRounds "11"]
[EventCountry "FRA"]
[SourceTitle "CBM 156 Extra"]
[Source "ChessBase"]
[SourceDate "2013.10.22"]
[SourceVersion "1"]
[SourceVersionDate "2013.10.22"]
[SourceQuality "1"]

1. d4 d5 2. c4 e6 3. Nf3 Nf6 4. Bg5 h6 5. Bxf6 Qxf6 6. e3 Nd7 7. Nc3 c6 8. cxd5 cxd5 9. Nb5 Qd8 10. Rc1 Qa5+ 11. Nd2 Kd8 12. Qc2 a6 13. Na7 Bd6 14. Nxc8 Bc7 15. b4 Qxb4 16. Qxc7+ Ke8 17. Qd6 Qxd6 18. Nxd6+ Ke7 19. Nxb7 Ra7 20. Na5 f6 21. Nc6+ Kd6 22. Nxa7 Ra8 23. Nc8+ 1-0